000
00278nam a2200121Ia 4500
005
20251222142018.0
008
251222s9999||||xx |||||||||||||| ||spa||
082
_a
858.9/M86
100
_a
Moravia, Alberto
245
0
_a
El Conformista
264
_b
Plaza & Janés
942
_c
LIB
999
_c
10551
_d
10551